Logo BPK

Biblioteka

Politechniki Koszalińskiej

Nacjonalizm gospodarczy-szansa czy bariera rozwoju : (Rekord nr 5625)

Szczegóły MARC
000 -ETYKIETA REKORDU
podpole kontrolne o stałej długości 00544nam a2200181 i 4500
001 - NUMER KONTROLNY REKORDU
pole kontrolne bg
020 ## - MIĘDZYNARODOWY ZNORMALIZOWANY NUMER KSIĄŻKI - ISBN
ISBN 8301104562
040 ## - ŹRÓDŁO KATALOGOWANIA
Instytucja, która utworzyła rekord BPK
041 ## - KOD JĘZYKA
Kod języka tekstu pol
080 ## - UNIWERSALNA KLASYFIKACJA DZIESIĘTNA - UKD
UKD 339.98(4)"1918/1939"
920 ## - Międzynarodowy znormalizowany numer książki – ISBN
ISBN 83-01-10456-2
008 - POLE O STAŁEJ DŁUGOŚCI - DANE KONTROLNE
podpole kontrolne o stałej długości s pl f |000 0 pol
100 1# - NAZWA OSOBOWA
Nazwa osobowa KOFMAN, Jan
245 #0 - TYTUŁ/ODPOWIEDZIALNOŚĆ
Tytuł Nacjonalizm gospodarczy-szansa czy bariera rozwoju :
Ciąg dalszy tytułu przypadek Europy Środkowo-Wschodniej w okresie międzywojennym /
Pozostałe elementy strefy tytułu i oznaczenia odpowiedzialności Jan Kofman.
260 ## - STREFA ADRESU WYDAWNICZEGO
Miejsce wydania Warszawa :
Nazwa wydawcy/dystrybutora Wydaw. Naukowe PWN,
Data publikacji, dystrybucji/powstania dokumentu 1992.
300 ## - STREFA OPISU FIZYCZNEGO
Objętość 318, [1] s. ;
Rozmiary 21 cm.
856 ## - LOKALIZACJA I DOSTĘP DO ELEKTRONICZNYCH DOKUMENTÓW ZDALNYCH
Link (URL) http://koha.tu.koszalin.pl/cgi-bin/koha/opac-detail.pl?biblionumber=5625
Tekst linku Katalog online BPK
942 ## - DODATKOWE ELEMENTY (KOHA)
Typ dokumentu Książka
Egzemplarze
Wycofany Status egzemplarza Uszkodzony Dostępność Lokalizacja stała Lokalizacja bieżąca Miejsce przechowywania Sygnatura Kod kreskowy Typ dokumentu
      Dostępny Biblioteka Politechniki Koszalińskiej Biblioteka Politechniki Koszalińskiej Wypożyczalnia BG P 45022 02076027 Książka
© 2023 Biblioteka Politechniki Koszalińskiej :: KOHA